On This Day: January 10th Quiz Stats

 Plays Quiz Updated Jan 10, 2018

Challenge
Share
Tweet
Embed
Score 0/7 Timer 03:00
0 Plays Today
Question Answer Wrong Answers
Thomas Paine publishes his influential pamphlet, ‘______’.
1776
Common Sense
89.2%
Good Logic
1.6%
American Wisdom
5.3%
Sound Judgment
3.8%
______ is formed by the merger of Time Inc. and Warner Communications.
1990
Time Warner
84.4%
Warner Bros.
9.8%
Warner & Time
2.6%
Legendary Entertainment
0.6%
The United States and ______ re-establish full diplomatic relations after almost 117 years, overturning Congress’s 1867 ban on public funding for such a diplomatic envoy.
1984
Holy See (Vatican City)
76.8%
Monaco
10.4%
San Marino
4.9%
Andorra
5.7%
Daniel Ortega becomes president of this country, vowing to continue their transformation to socialism. American policy continues to support the rebel group known as the Contras.
1985
Nicaragua
72.1%
Honduras
6.7%
Panama
13.3%
Costa Rica
5.5%
Dutch settlers in this South African coastal city surrender to the British.
1806
Cape Town
61.1%
Pretoria
6.7%
Bloemfontein
11%
Johannesburg
20.4%
This English singer-songwriter, known for his many successful albums, including ‘Every Picture Tells a Story’, is born.
1945
Rod Stewart
51.6%
Elton John
33.3%
Ronnie Wood
3.4%
Sting
9.9%
This silent film directed by Fritz Lang, regarded as a pioneering work of the science-fiction genre in movies, is released in Germany.
1927
Metropolis
51.6%
Nosferatu
29.1%
Fury
3.8%
Forbidden Planet
14.1%

Today's Daily Dose

Missing Word
'F' Pairs

Word Ladder
Mixed Synonyms

On This Day
August 15th II

You're not logged in!

Compare scores with friends on all Sporcle quizzes.
Join for Free
OR
Log In

You Might Also Like...

Show Comments

Extras

Top Quizzes Today


Score Distribution

Your Account Isn't Verified!

In order to create a playlist on Sporcle, you need to verify the email address you used during registration. Go to your Sporcle Settings to finish the process.

Report this User

Report this user for behavior that violates our Community Guidelines.

Details: